K vyberaniu dane zrážkou

Problematika dane vyberanej zrážkou. Podstata tohto spôsobou zdaňovania. Zmeny v právnej úprave v posledných rokoch.

Guardado en:
Detalles Bibliográficos
Autor principal: Jarinkovičová, Valéria
Formato: Capítulo de libro
Lenguaje:eslovaco
Materias:
Etiquetas: Agregar Etiqueta
Sin Etiquetas, Sea el primero en etiquetar este registro!

MARC

LEADER 00000naa a2200000 4500
001 0231063
005 20221104112945.1
041 0 |a slo 
044 |a SK 
245 1 0 |a K vyberaniu dane zrážkou  |c Valéria Jarinkovičová 
520 |a Problematika dane vyberanej zrážkou. Podstata tohto spôsobou zdaňovania. Zmeny v právnej úprave v posledných rokoch. 
610 2 0 |a zdaňovanie 
610 2 0 |a dane z príjmov 
610 2 0 |a zrážky zo mzdy 
610 2 0 |a úpravy právne 
100 1 |a Jarinkovičová, Valéria